• 首页
  • 本馆介绍
  • 公告通知
  • 最新文献
  • 馆藏检索
  • 电子资源
  • 读者导购
  • 参考咨询
  • 我的图书馆
  • 登录
  • 详细信息显示
  • 放入我的书架
  • 预约/预借图书
  • 作者相关作品
  • 分类相关作品
  • 丛书相关作品
  • 出版社相关作品

书目信息

  • 表格格式
  • 工作单格式
  • 卡片格式
题名:
方言箋疏
    
 
作者: 钱绎 撰集 ;黄建中 , 李发舜 点校
分册:  
出版信息: 北京   中华书局  2013.10
页数: 530页
开本: 24cm
丛书名:
单 册:
中图分类: H171
科图分类:
主题词: 汉语方言--Han Yu Fang Yan--古方言--训诂 , 古方言--Gu Fang Yan , 训诂--Xun Gu
电子资源:
ISBN: 978-7-101-07678-3
000 01110nam0 22002771 450
001 351372
005 20161012093244.64
010    @a978-7-101-07678-3@dCNY88.00
100    @a20140121d2013 em y0chiy0121 ea
101 0  @achi
102    @aCN@b110000
105    @ay z 000yy
106    @ar
200 1  @a方言箋疏@AFang Yan Jian Shu@f(清) 錢繹撰集@g李發舜, 黃建中點校
210    @a北京@c中华书局@d2013.10
215    @a530页@d24cm
330    @a本书是清代学者钱绎在戴震《方言疏证》和卢文弨《重校方言》基础上, 参校以玄应《一切经音义》等材料, 并广泛吸收段玉裁、王念孙、钱大昕、钱大昭等清儒的相关训释资料和研究成果撰集而成。该书排比众说, 资料丰富, 辨析疑义, 颇多创建。此次整理以红蝠山房本为底本, 以广雅书局本、徐氏《积学斋丛书》本对校, 并逐一核查了引书。书后附四角号码和笔画索引。
606 0  @a汉语方言@AHan Yu Fang Yan@x古方言@x训诂
606 0  @a古方言@AGu Fang Yan
606 0  @a训诂@AXun Gu
690    @aH171@v5
701  0 @a钱绎@AQian Yi@4撰集
702  0 @a黄建中@AHuang Jian Zhong@4点校
702  0 @a李发舜@ALi Fa Shun@4点校
801  0 @aCN@bTANGWEI@c20160812
905    @b0894557-60@dH171@e47@f4
    
    方言箋疏/(清) 錢繹撰集/李發舜, 黃建中點校.-北京:中华书局,2013.10
    530页;24cm
    
    
    ISBN 978-7-101-07678-3:CNY88.00
    本书是清代学者钱绎在戴震《方言疏证》和卢文弨《重校方言》基础上, 参校以玄应《一切经音义》等材料, 并广泛吸收段玉裁、王念孙、钱大昕、钱大昭等清儒的相关训释资料和研究成果撰集而成。该书排比众说, 资料丰富, 辨析疑义, 颇多创建。此次整理以红蝠山房本为底本, 以广雅书局本、徐氏《积学斋丛书》本对校, 并逐一核查了引书。书后附四角号码和笔画索引。
●
相关链接 在E读中查询图书 在五车中查询图书 在当当中查询图书 在豆瓣中查询图书


正题名:方言箋疏     索取号:H171/47         预约/预借

序号 登录号 条形码 馆藏地/架位号 状态 备注
1 0894557   208945579   第二样本阅览室/ [索取号:H171/47] 在馆    
2 0894558   208945588   第四借阅区/ [索取号:H171/47] 在馆    
3 0894559   208945597   第四借阅区/ [索取号:H171/47] 在馆    
4 0894560   208945604   第四借阅区/ [索取号:H171/47] 在馆    
唐山师范学院图书馆 欢迎您!
大连网信软件有限公司© 版权所有